| 000 | 00766 a2200169 4500 | ||
|---|---|---|---|
| 003 | Nust | ||
| 005 | 20230621091452.0 | ||
| 040 | _cNust | ||
| 082 | _a510,BEB | ||
| 245 |
_aStretchers and Shrinkers : _bBook 4 Decimals / |
||
| 250 | _aTeacher's Edition | ||
| 260 |
_aCalfornia _bState Series _c1970 |
||
| 300 | _a130:P | ||
| 505 | _aPlace Value and Decimals (Page-16), Adding and Subtracting Decimals (Page 17-26), Converting Decimals to Fractions (Page 27-36), Multiplication with Decimals (Page 37-48), Converting Fractions into Decimals (Page 49-71), Dividing by a Decimal (Page 67-77), Decimals and Percents (Page 78-84), Conversion Factors (Page 85-93), Rates and Problems (Page 94-118), Scales (Page 119-121). | ||
| 650 | _aMathematics | ||
| 942 |
_2ddc _cBKB |
||
| 999 |
_c179987 _d179987 |
||